Missing Word: Murder Movies Quiz Stats

 Plays Quiz Updated Aug 16, 2017

Challenge
Share
Tweet
Embed
Score 0/16 Timer 03:00
0 Plays Today
Movie (Year) Missing Word % Correct
Murder on the Orient _____ (1974)Express
94.8%
_____ M for Murder (1954)Dial
93.5%
So I Married an _____ Murderer (1993)Axe
92.5%
How to Murder _____ Wife (1965)Your
92%
A Murder _____ Crows (1998)Of
65.3%
Murderers Among _____ (1946)Us
59.9%
_____ of a Murder (1959)Anatomy
59.1%
Murder _____ Death (1976)By
58.2%
Movie (Year) Missing Word % Correct
Murder by _____ (2002)Numbers
58.1%
Murders in the _____ Morgue (1971)Rue
56.5%
Murder, She _____ (1961)Said
41.7%
_____ Murder Mystery (1993)Manhattan
39.7%
A _____ Murder (1998)Perfect
38.8%
Murder in the _____ (1995)First
32.5%
Murder at _____ (1997)1600
27.8%
_____: The Story of a Murderer (2006)Perfume
13%

Today's Daily Dose

Missing Word
Top 10 Artists

Word Ladder
'70s Song II

On This Day
October 20th II

You're not logged in!

Compare scores with friends on all Sporcle quizzes.
Join for Free
OR
Log In

You Might Also Like...

Show Comments

Extras

Top Quizzes Today


Score Distribution

Your Account Isn't Verified!

In order to create a playlist on Sporcle, you need to verify the email address you used during registration. Go to your Sporcle Settings to finish the process.

Report this User

Report this user for behavior that violates our Community Guidelines.

Details: